000 00918cam a2200229 4500
001 ABS63801
008 000000n2001 000 0 eng u
035 _a(Sirsi) u112223
100 _aSteadman, T.
245 _aTrapping the genie
260 _c2001
490 _aBuilding
_v266(8179) 6 April 2001, 48-49(2)
520 _aDiscusses partnering contracts in the light of the new PPC2000. Praises the document as a comprehensive attempt to capture the relevant information in a single form but warns there are too many vague areas. These include the attempt to include all parties in a single contract and certain phrases which are legally ambiguous.
590 _aABS
650 _aPARTNERING AGREEMENTS
650 _aPPC2000
650 _aCONTRACTING AUTHORITIES
650 _aDISPUTE RESOLUTION
_96236
650 _aRISK ALLOCATION
690 _aBUILT ENVIRONMENT-BUILDING CONTRACT FORMS
942 _n0
999 _c66832
_d66832